DISLOKAČNÍ STRUKTURA ÚNAVOVĚ ZATĚŽOVANÉ SUPERSLITINY INCONEL 713 LC PŘI POKOJOVÉ A ZVÝŠENÝCH TEPLOTÁCH

Bibliographic Details
Main Authors: Petrenec, Martin (Author), Obrtlík, Karel (Author), Polák, Jaroslav (Author)
Format: Article
Language:Czech

MARC

LEADER 00000nab a2200000 a 4500
001 vtls011122181
003 SK-MaSNL
005 20260303143819.0
008 230222|2002 xo |||||||||||||||||cze|
015 |a SNBRB 
035 |a (uuid)cdeda617-3c60-4e81-b891-dd1de94ff162 
035 |a (urnnbn)urn:nbn:sk:snk:ar-a08wqi 
035 |a urn:nbn:sk:snk-ab9uac 
040 |a SNKBUCL  |b slo  |c SNKBUCL  |e AACR2 
041 0 |a cze 
044 |a xo  |c SK 
100 1 |a Petrenec, Martin  |4 aut  |9 793284 
245 1 0 |a DISLOKAČNÍ STRUKTURA ÚNAVOVĚ ZATĚŽOVANÉ SUPERSLITINY INCONEL 713 LC PŘI POKOJOVÉ A ZVÝŠENÝCH TEPLOTÁCH  |c Martin Petrenec, Karel Obrtlík, Jaroslav Polák 
246 3 |a DISLOCATION STRUCTURE IN FATIGUED INCONEL 713 LC SUPERALLOY AT ROOM AND HIGH TEMPERATURE 
700 1 |a Obrtlík, Karel  |4 aut  |9 793254 
700 1 |a Polák, Jaroslav  |4 aut  |9 679474 
773 0 |t Materiálové inžinierstvo  |g Roč. 9, č. 3 (2002), s. 146-149 
958 |a OND 
958 |a EUIPO 
958 |a article13 
999 |c 1992621  |d 1994551